00464nam a22001457a 4500020002200000082001500022100001800037245005000055260004600105300000800151650003300159942000700192952010200199999001700301 a978-93-5029-789-6 a954.04 JAL aJalal, Ayesha aThe Pity of Partition: Manto's Life, Times... aNoida, UPbHarperCollins Publishersc2013 a264 aPartition of India, Violence cBK 00104070aHMIbHMIcGENd2017-06-05g599.00l0o954.04 JALp11-3469r2019-07-16w2017-06-05yBK c20428d20428